| 000 | 00694nam a2200289Ia 4500 | ||
|---|---|---|---|
| 005 | 20260324144650.0 | ||
| 008 | 008 260324s9999 xx 000 0 eng d | ||
| 020 | _a9780429043772 | ||
| 037 | _aEBOOK | ||
| 040 | _aCRL | ||
| 040 | _beng | ||
| 040 | _cCRL | ||
| 041 | _2eng | ||
| 041 | _aeng | ||
| 084 | _qCRL | ||
| 100 |
_aGeorge Kent _91172931 |
||
| 245 | 0 | _aFish, Food, And Hunger | |
| 245 | 4 | _bThe Potential Of Fisheries For Alleviating Malnutrition | |
| 260 | _bTaylor and Francis | ||
| 260 | _c1987 | ||
| 365 | _a | ||
| 365 | _b230 | ||
| 856 | _uhttp://www.taylorfrancis.com/books/9780429043772 | ||
| 942 | _cEBOOK | ||
| 999 |
_c1827054 _d1827054 |
||